[Event "Titled Tuesday intern op1 2nd Aug"]
[Site "Chess.com INT"]
[Date "2016.08.02"]
[Round "5"]
[White "Barcenilla, Rogelio"]
[Black "Chandra, Akshat"]
[Result "1-0"]
[WhiteElo "2455"]
[BlackElo "2489"]
[PlyCount "45"]
[EventDate "2016.08.02"]
[EventType "swiss (blitz)"]
[EventRounds "9"]
[EventCountry "USA"]
[SourceTitle "EXT 2021"]
[Source "ChessBase"]
[SourceDate "2020.10.23"]
[SourceVersion "1"]
[SourceVersionDate "2020.10.23"]
[SourceQuality "1"]

1. c4 e6 2. g3 d5 3. Bg2 dxc4 4. Nf3 a6 5. 0-0 Nf6 6. a4 Nc6 7. Na3 Na5 8. Qc2 Qd5 9. Rd1 Bxa3 10. Rxa3 0-0 11. d3 cxd3 12. Raxd3 Qh5 13. Qxc7 Nc6 14. Bf4 e5 15. Nxe5 Ne8 16. g4 Bxg4 17. Qxb7 Nxe5 18. Bxe5 Bxe2 19. Qxa8 Bxd1 20. Bc3 Qe2 21. Re3 Nf6 22. Rxe2 Rxa8 23. Rd2 1-0

[Event "Titled Tuesday intern op1 2nd Aug"]
[Site "Chess.com INT"]
[Date "2016.08.02"]
[Round "7"]
[White "Barcenilla, Rogelio"]
[Black "Chigaev, Maksim"]
[Result "1-0"]
[WhiteElo "2455"]
[BlackElo "2550"]
[PlyCount "57"]
[EventDate "2016.08.02"]
[EventType "swiss (blitz)"]
[EventRounds "9"]
[EventCountry "USA"]
[SourceTitle "EXT 2021"]
[Source "ChessBase"]
[SourceDate "2020.10.23"]
[SourceVersion "1"]
[SourceVersionDate "2020.10.23"]
[SourceQuality "1"]

1. c4 g6 2. g3 Bg7 3. Bg2 c5 4. Nc3 Nc6 5. e4 d6 6. Nge2 h5 7. h3 Be6 8. d3 Qd7 9. Nf4 Nd4 10. Nxe6 Nxe6 11. f4 Nd4 12. 0-0 e6 13. Be3 Ne7 14. Rb1 Rd8 15. a3 b6 16. b4 f5 17. h4 Ng8 18. Ne2 Nxe2+ 19. Qxe2 Nf6 20. exf5 gxf5 21. Bf3 Kf7 22. d4 Ng4 23. Bxg4 hxg4 24. dxc5 dxc5 25. bxc5 Qd3 26. Rfe1 Bc3 27. Rb3 bxc5 28. Kf1 Qxe2+ 29. Rxe2 1-0

[Event "Titled Tuesday intern op1 2nd Aug"]
[Site "Chess.com INT"]
[Date "2016.08.02"]
[Round "2"]
[White "Kukhmazov, Arsen"]
[Black "Barcenilla, Rogelio"]
[Result "1/2-1/2"]
[WhiteElo "2399"]
[BlackElo "2455"]
[PlyCount "108"]
[EventDate "2016.08.02"]
[EventType "swiss (blitz)"]
[EventRounds "9"]
[EventCountry "USA"]
[SourceTitle "EXT 2021"]
[Source "ChessBase"]
[SourceDate "2020.10.23"]
[SourceVersion "1"]
[SourceVersionDate "2020.10.23"]
[SourceQuality "1"]

1. d4 Nf6 2. c4 g6 3. Nc3 Bg7 4. Nf3 d6 5. g3 0-0 6. Bg2 Nc6 7. 0-0 a6 8. Qd3 Bf5 9. e4 Bg4 10. d5 Bxf3 11. Qxf3 Nd4 12. Qd1 c5 13. dxc6 Nxc6 14. Be3 Rc8 15. Qd2 Nd7 16. Rac1 Nc5 17. Rfd1 Ne6 18. Ne2 Qa5 19. Qxa5 Nxa5 20. b3 Nc6 21. f4 Nc7 22. Kf2 Rfd8 23. Bb6 Rd7 24. e5 Na8 25. Be3 Rcd8 26. exd6 Rxd6 27. Rxd6 Rxd6 28. c5 Rd7 29. Rc4 f5 30. Bxc6 bxc6 31. Bd4 Nc7 32. Bxg7 Kxg7 33. Nd4 Nb5 34. Nxc6 Rd2+ 35. Ke3 Rxa2 36. Nxe7 Kf7 37. Nc6 Rxh2 38. Ne5+ Ke7 39. c6 Kd8 40. Ra4 Rg2 41. Kf3 Rb2 42. Rxa6 Rxb3+ 43. Kg2 Kc7 44. Ra8 Nd6 45. Ra7+ Kc8 46. Rxh7 Ne4 47. Rh8+ Kc7 48. Rh7+ Kc8 49. Rh8+ Kc7 50. Rh7+ Kc8 51. Rh8+ Kc7 52. Rh7+ Kc8 53. Rh8+ Kc7 54. Rh7+ Kc8 1/2-1/2

[Event "PHI-ch"]
[Site "Manila"]
[Date "2016.06.26"]
[Round "10"]
[White "Emperado, Emmanuel"]
[Black "Barcenilla, Rogelio"]
[Result "0-1"]
[WhiteElo "2309"]
[BlackElo "2456"]
[PlyCount "94"]
[EventDate "2016.06.20"]
[EventType "tourn"]
[EventRounds "13"]
[EventCountry "PHI"]
[SourceTitle "CBM 173 Extra"]
[Source "ChessBase"]
[SourceDate "2016.08.29"]
[SourceVersion "1"]
[SourceVersionDate "2016.08.29"]
[SourceQuality "1"]

1. f4 d5 2. Nf3 Bg4 3. e3 Nf6 4. h3 Be6 5. Nc3 c5 6. d4 Nc6 7. dxc5 Qa5 8. Nd4 Qxc5 9. Nxe6 fxe6 10. Nb5 Rc8 11. c3 e5 12. fxe5 Nxe5 13. Qd4 Qxd4 14. exd4 Nc6 15. Bd3 e6 16. Bf4 Kd7 17. a4 a6 18. Na3 Bd6 19. 0-0 Rhf8 20. Nc2 h6 21. g4 g5 22. Bxd6 Kxd6 23. Kg2 Nd7 24. Ne3 Nb6 25. Bc2 Na5 26. Rae1 Nbc4 27. Nd1 Rxf1 28. Rxf1 Nxb2 29. Nxb2 Rxc3 30. Rf2 Nc6 31. Rd2 Nxd4 32. Bd1 e5 33. Rd3 Rc1 34. Kf2 Ne6 35. Ke1 e4 36. Rb3 Nc5 37. Rb6+ Ke5 38. Kd2 Ra1 39. Rxh6 Kd4 40. h4 Ra2 41. Kc2 Nd3 42. Rb6 gxh4 43. Be2 Rxb2+ 44. Rxb2 Nxb2 45. Kxb2 h3 46. Bf1 h2 47. Bg2 b5 0-1